|
|
|
|
| LEADER |
00000nam0a2200000 4500 |
| 001 |
133120 |
| 005 |
20231031135222.0 |
| 010 |
|
|
|a 5279008532
|
| 020 |
|
|
|a RU
|b 91-52802
|
| 035 |
|
|
|a (RuTPU)RU\TPU\book\144220
|
| 090 |
|
|
|a 133120
|
| 100 |
|
|
|a 20080312d1991 k a0rusy5003 ca
|
| 101 |
0 |
|
|a rus
|
| 102 |
|
|
|a RU
|
| 105 |
|
|
|a y z 000zy
|
| 200 |
1 |
|
|a Бухгалтерский учет на совместных предприятиях
|f под ред. С. М. Шапигузова
|
| 210 |
|
|
|a Москва
|c Финансы и статистика
|d 1991
|
| 215 |
|
|
|a 150,[1] с.
|d 22 см
|
| 320 |
|
|
|a Библиогр. в тексте
|
| 610 |
1 |
|
|a бухгалтерский учет
|
| 610 |
1 |
|
|a совместные предприятия
|
| 610 |
1 |
|
|a учет
|
| 610 |
1 |
|
|a отчетность
|
| 610 |
1 |
|
|a финансовая отчетность
|
| 610 |
1 |
|
|a совершенствование
|
| 675 |
|
|
|a 657.22
|z rus
|
| 702 |
|
1 |
|a Шапигузов
|b С. М.
|g Сергей Михайлович
|4 340
|
| 801 |
|
0 |
|a RU
|b RuMRKP
|c 19950417
|g psbo
|
| 801 |
|
1 |
|a RU
|b 63413507
|c 20080312
|g PSBO
|
| 801 |
|
2 |
|a RU
|b 63413507
|c 20090127
|g PSBO
|
| 942 |
|
|
|c BK
|